000 00306nam a22001457a 4500
003 SGT
082 _a346.4860954,JAI
100 _aJAIN,R.K
245 _aPATENT AGENT EXAMINATION
250 _a1ST
260 _aNEW DELHI
_bUNIVERSAL BOOK
_c2014
300 _a264
650 _aPATENT
942 _2ddc
_cBK
_01
999 _c9901
_d9901